Music Quiz

Random Music or Song Quiz

Non-Appearing Nez Titles Quiz Stats

 Plays Quiz not verified by Sporcle

Score 0/15 Timer 10:00
0 Plays Today
Sample Lyric Song Title % Correct
I love you & I know you love me!Papa Gene's Blues
89.1%
...questions but no answers.Daily Nightly
72.3%
It cannot be a part of me, for now it's part of you.Tapioca Tundra
72%
Sound of the sunset, sound of the seaAuntie's Municipal Court
56.5%
There's a certain something in the way you looked at me & said you'd stay that let me know that I was out of line.Nine Times Blue
54.1%
I've know you for a long time, but I've just begun to care.Propinquity
47.5%
And this train gets closer every minute I look down to a watch that keeps looking back at me...Good Clean Fun
46.9%
Are you aware that the people who care are mostly stainless steel?Writing Wrongs
40.8%
Sample Lyric Song Title % Correct
Forgive me my dear, if I seem preoccupied, or if the razor-edge of youth-filled love is gone...Carlisle Wheeling/Conversations
39.5%
In a dusty caravan was a girl of a golden tan, & she asked me if I was headed to the east.Never Tell a Woman Yes
38.7%
Because you're only 'only selling ads'...Admiral Mike
30.9%
I am finally alone, & where my foot steps down is where it's home.The Crippled Lion
29.3%
Goodbye, goodbye, cruel town, you've been a fair-weather friend.Hollywood
28.5%
As far as I can see, there's no reason for goodbyes...Some of Shelley's Blues
26.7%
(only release is an instrumental arrangement)Don't Cry Now
6.7%

You're not logged in!

Compare scores with friends on all Sporcle quizzes.
OR
Log In

Sporcle TV

Today on Sporcle TV


Watch our educational content, quiz creation guides, and fun videos on Sporcle TV.

Show Comments

Extras

Top Quizzes Today


Score Distribution

Your Account Isn't Verified!

In order to create a playlist on Sporcle, you need to verify the email address you used during registration. Go to your Sporcle Settings to finish the process.

Report this User

Report this user for behavior that violates our Community Guidelines.

Details: